000 00445nji a22001817a 4500
003 koha_MIRAKIL
005 20231213065320.0
008 231213b |||||||| |||| 00| 0 ||| d
020 _b978-0-19-478913-4
040 _aTR-IsEVY
_btur
_cTR-IsEVY
082 _a420 BAS/T
100 _aBASSETT, JENNIFER.
245 4 _aTHE OMEGA FİLES.
260 _bOXFORD UNIVERSITY,
_c2008
300 _a56.
650 _aİngiliz Dili.
942 _2ddc
_cAU
999 _c1591
_d1591